Estadísticas para Naciones e Imperios más Grandes de la Historia

Haz click aquí para intentar la prueba.

Estadísticas generales

  • Esta prueba ha sido intentada 5.048 veces
    (3.738 desde el último reinicio)
  • La puntuación promedio es 16 de 24

Estadísticas de respuestas

TamañoAñoRespuesta% Correcto
13.7 M1810Imperio Español
95%
22.8 M1895Imperio Ruso
94%
35.5 M1920Imperio Británico
92%
5 M117Imperio Romano
92%
13 millón1938Imperio Francés
90%
24.0 M1200'sImperio Mongol
84%
61689Imperio Otomano
84%
7 millón1943Imperio Japonés
83%
14.7 M1700'sChina
80%
10 millón1934Estados Unidos
77%
10 millón1815Imperio Portugués
73%
6 M1942Alemania Nazi
72%
3.8 M1938Imperio Italiano
66%
5 M250 ACImperio Maruya (India)
65%
9 millónactualBrasil
62%
7 millón500'sImperio Persa
59%
10 millónactualCanadá
55%
5 M1823Imperio Mexicano
54%
4 M1940Imperio Neerlandés
53%
8 millónactualAustralia
50%
13 millón700'sCalifato Árabe
47%
5.2 M323 ACMacedonia
33%
4 M441Imperio Huno
15%
4.6 M800Imperio Tibetano
8%

Distribución de puntuación

Porcentaje por número respondido

Porcentaje de gente con cada puntuación

Historial de tus puntuaciones

No has intentado esta prueba desde el último reinicio